<?xml version="1.0" encoding="UTF-8"?>
<record
    xmlns:xsi="http://www.w3.org/2001/XMLSchema-instance"
    xsi:schemaLocation="http://www.loc.gov/MARC21/slim http://www.loc.gov/standards/marcxml/schema/MARC21slim.xsd"
    xmlns="http://www.loc.gov/MARC21/slim">

  <leader>01731nam a22003017a 4500</leader>
  <controlfield tag="008">171104s2006        sp||||| |||| 00| 0 spa d</controlfield>
  <datafield tag="020" ind1=" " ind2=" ">
    <subfield code="a">8489771332</subfield>
  </datafield>
  <datafield tag="082" ind1="0" ind2="4">
    <subfield code="a">709.2</subfield>
    <subfield code="b">P715p</subfield>
  </datafield>
  <datafield tag="100" ind1="1" ind2=" ">
    <subfield code="a">Plasencia, Clara.</subfield>
    <subfield code="9">4904</subfield>
  </datafield>
  <datafield tag="245" ind1="1" ind2="0">
    <subfield code="a">Palazuelo :</subfield>
    <subfield code="b">proceso de trabajo /</subfield>
    <subfield code="c">edici&#xF3;n por Clara Plasencia ; curadur&#xED;a por Manuel J. Borja-Villel y Teresa Grandas ; Museu d'Art Contemporani de Barcelona (MACBA).</subfield>
  </datafield>
  <datafield tag="250" ind1=" " ind2=" ">
    <subfield code="a">1a edici&#xF3;n.</subfield>
  </datafield>
  <datafield tag="260" ind1=" " ind2=" ">
    <subfield code="a">Barcelona, Espa&#xF1;a :</subfield>
    <subfield code="b">MACBA,</subfield>
    <subfield code="c">2006.</subfield>
  </datafield>
  <datafield tag="300" ind1=" " ind2=" ">
    <subfield code="a">330 p&#xE1;ginas :</subfield>
    <subfield code="b">ilustraciones en color.</subfield>
  </datafield>
  <datafield tag="500" ind1=" " ind2=" ">
    <subfield code="a">Cat&#xE1;logo publicado con motivo a la exposici&#xF3;n "Palazuela: proceso de trabajo", presentada del 14 de diciembre de 2006 al 18 de febrero de 2007, en Museu d'Art Contemporani de Barcelona (MACBA).</subfield>
  </datafield>
  <datafield tag="505" ind1="0" ind2=" ">
    <subfield code="t">Presentaci&#xF3;n</subfield>
    <subfield code="r">Manuel J. Borja-Villel y Teresa Grandas.</subfield>
    <subfield code="t">Di&#xE1;logos de los n&#xFA;meros: tres mon&#xF3;logos y dos di&#xE1;logos en torno a los trabajos de Pablo Palazuelo</subfield>
    <subfield code="r">Manuel J. Borja-Villel, Jos&#xE9; D&#xED;az-Cuy&#xE1;s, Pedro G. Romero, Ignacio G&#xF3;mez de Lia&#xF1;o y Teresa Grandas.</subfield>
    <subfield code="t">Ojo, mente y l&#xED;neas de fuerza, boceto</subfield>
    <subfield code="r">Guy Brett.</subfield>
    <subfield code="t">Arte, magia y religi&#xF3;n: las concomitancias m&#xED;stica del pensamiento y la obra de Pablo Palazuelo</subfield>
    <subfield code="r">Manuel Delgado.</subfield>
    <subfield code="t">Pablo Palazuelo: el pulso de lo imponderable</subfield>
    <subfield code="r">Kevin C. Power.</subfield>
  </datafield>
  <datafield tag="600" ind1="1" ind2=" ">
    <subfield code="a">Palazuelo, Pablo.</subfield>
    <subfield code="d">1916-2007.</subfield>
    <subfield code="9">6096</subfield>
  </datafield>
  <datafield tag="653" ind1="1" ind2="0">
    <subfield code="a">Arte contempor&#xE1;neo </subfield>
  </datafield>
  <datafield tag="653" ind1="1" ind2="0">
    <subfield code="a">Cat&#xE1;logo de exhibici&#xF3;n</subfield>
  </datafield>
  <datafield tag="653" ind1="1" ind2="0">
    <subfield code="a">Exhibiciones</subfield>
  </datafield>
  <datafield tag="653" ind1="1" ind2="0">
    <subfield code="a">Arte - Espa&#xF1;a</subfield>
  </datafield>
  <datafield tag="653" ind1="1" ind2="0">
    <subfield code="a">Biograf&#xED;as art&#xED;sticas</subfield>
  </datafield>
  <datafield tag="653" ind1="1" ind2="0">
    <subfield code="a">Pintura</subfield>
  </datafield>
  <datafield tag="653" ind1="1" ind2="0">
    <subfield code="a">Escultura</subfield>
  </datafield>
  <datafield tag="653" ind1="1" ind2="0">
    <subfield code="a">Pintores</subfield>
  </datafield>
  <datafield tag="700" ind1="1" ind2=" ">
    <subfield code="a">Borja-Villel, Manuel J.</subfield>
    <subfield code="e">curador.</subfield>
    <subfield code="9">1906</subfield>
  </datafield>
  <datafield tag="700" ind1="1" ind2=" ">
    <subfield code="a">Grandas, Teresa.</subfield>
    <subfield code="e">curadora.</subfield>
    <subfield code="9">6097</subfield>
  </datafield>
  <datafield tag="710" ind1="1" ind2=" ">
    <subfield code="a">Museu d'Art Contemporani de Barcelona (MACBA).</subfield>
    <subfield code="9">6082</subfield>
  </datafield>
  <datafield tag="999" ind1=" " ind2=" ">
    <subfield code="c">1359</subfield>
    <subfield code="d">1359</subfield>
  </datafield>
  <datafield tag="952" ind1=" " ind2=" ">
    <subfield code="0">0</subfield>
    <subfield code="1">0</subfield>
    <subfield code="2">ddc</subfield>
    <subfield code="4">0</subfield>
    <subfield code="7">0</subfield>
    <subfield code="a">LV</subfield>
    <subfield code="b">LV</subfield>
    <subfield code="c">Monograf&#xED;as</subfield>
    <subfield code="d">2017-11-04</subfield>
    <subfield code="l">0</subfield>
    <subfield code="o">709.2 P715p</subfield>
    <subfield code="p">000918</subfield>
    <subfield code="r">2017-11-04 00:00:00</subfield>
    <subfield code="w">2017-11-04</subfield>
    <subfield code="y">01</subfield>
  </datafield>
</record>
